Music Artists by Song - M - Statistics

General Stats
  • This quiz has been taken 114 times
    72 since last reset
  • The average score is 18 of 43
Answer Stats
Songs Artist % Correct
Billie Jean / Beat It / Smooth Criminal Michael Jackson
98%
Like a Virgin / Material Girl / Vogue Madonna
95%
Flowers / Party In The U.S.A / End of the World Miley Cyrus
88%
Payphone / Moves Like Jagger / She Will Be Loved Maroon 5
86%
Enter Sandman / Nothing Else Matters / Master Of Puppets Metallica
86%
Can't Hold Us / Thrift Shop / Glorious Macklemore
79%
U Can't Touch This / 2 Legit 2 Quit / Have You Seen Her MC Hammer
74%
Supermassive Black Hole / Uprising / Hysteria Muse
70%
Ain't No Mountain High Enough / Sexual Healing / Got To Give It Up Marvin Gaye
67%
Uptown Funk / Valerie / Oh My God Mark Ronson
65%
Beggin' / I WANNA BE YOUR SLAVE / GOSSIP Maneskin
56%
Kids / Electric Feel / Time to Pretend MGMT
56%
I'm a Believer / Daydream Believer / Last Train to Clarksville The Monkees
56%
California Dreamin' / Dream A Little Dream Of Me / Monday, Monday The Mamas & The Papas
53%
Obsessed / We Belong Together / Fantasy Mariah Carey
51%
Dr. Feelgood / Kickstart My Heart / Girls, Girls, Girls Motley Crue
51%
Teenagers / Welcome to the Black Parade / Helena My Chemical Romance
51%
Ace of Spades / The Game / Hellraiser Motorhead
49%
I'd Do Anything For Love / Paradise By the Dashboard Light / Bat Out of Hell Meat Loaf
47%
WAP / Beautiful Mistakes / Strategy Megan Thee Stallion
47%
Family Affair / Be Without You / I Can Love You Mary J. Blige
42%
NO / Made You Look / Me Too Meghan Trainor
35%
The Beautiful People / Tainted Love / This Is The New Shit Marilyn Manson
33%
I Wanna Be Loved By You / Diamonds Are A Girl's Best Friends / River Of No Return Marilyn Monroe
30%
Happier / El Merengue / Miles On It Marshmello
30%
This Is How We Do It / Get It On Tonite / Let's Ride Montell Jordan
30%
Bubblegum Bitch / Primadonna / Oh No! MARINA
28%
My Love Mine All Mine / Washing Machine Heart / I Bet on Losing Dogs Mitski
26%
Play Date / Pacify Her / Teacher's Pet Melanie Martinez
23%
Feeling Good / Sway / Home Michael Buble
23%
Rainbow Connection / Mah Na Mah Na / Life's A Happy Song Finale The Muppets
23%
Angel / Teardrop / Unfinished Sympathy Massive Attack
21%
Symphony Of Destruction / Holy Wars...The Punishment Due / A Tout Le Monde Megadeth
21%
The Spins / Love Lost / Congratulations Mac Miller
19%
Slipping Through My Fingers / The Winner Takes It All / Mamma Mia Meryl Streep
19%
Heart To Heart / For the First Time / My Kind of Woman Mac DeMarco
16%
Shook Ones, Pt. II / Survival of the Fittest / Outta Control Mobb Deep
9%
Make You Mine / Reckless / VILLAIN Madison Beer
7%
Hotel / Bathroom / Fall in Love with You. Montell Fish
7%
Hayloft II / Burning Pile / Verbatim Mother Mother
7%
As the World Caves In / Everyone Adores You (at least I do) / Krystal Matt Maltese
5%
Tears Over Beers / Re-Do / Your Graduation Modern Baseball
2%
Anyone Else But You / Lazy Confessions / Nothing Came Out The Moldy Peaches
2%
No matching quizzes found
Score Distribution
Percent of People with Each Score
Percentile by Number Answered
Your Score History
You have not taken this quiz since the last reset